ABD emperyalizmini çökertme planı ve işgallerin perde arkası: (Record no. 14628)

MARC details
000 -BAŞLIK
Sabit Uzunlukta Kontrol Alanı 00741nam a2200229 4500
999 ## - SİSTEM KONTROL NUMARALARI (KOHA)
Koha Biblionumber 14628
Koha Biblioitemnumber 14628
003 - KONTROL NUMARASI IDENTIFIER
Denetim Alanı MIRAKIL
005 - SON İŞLEM TARİHİ VE ZAMANI
Denetim Alanı 20211112160257.0
008 - SABİT-BOY VERİ ELEMANLARI - GENEL BİLGİLER
Sabit Uzunlukta Kontrol Alanı 211112b tu ||||| |||| 00| 0 tur d
020 ## - ULUSLARARASI STANDART KİTAP NUMARASI
Uluslararası Standart Kitap Numarası 9758410709
040 ## - KATALOGLAMA KAYNAK
Orijinal Kataloglama Ajansı TR-AnCHP
Metne Dönüştürmek Ajansı TR-AnCHP
082 ## - DEWEY ONLU SINIFLANDIRMA NUMARASI
Sınıflandırma Numarası 325.320973
Ürün Numarası Ö92a 2005
100 ## - ANA GİRİŞ - KİŞİSEL İSİM
Kişisel Ad Özakıncı, Cengiz
245 10 - BAŞLIK TABLOSU
Başlık ABD emperyalizmini çökertme planı ve işgallerin perde arkası:
Başlığın Kalan Euro-Dolar savaşı /
Sorumluluk Tablosu, Vb Cengiz Özakıncı.
246 ## - UNVAN FORM VARYING
Başlık Doğru / Kısa Başlığı Euro-Dolar savaşı
250 ## - EDITION TABLOSU
Baskı Beyanı 3 bs.
260 ## - YAYIN, DAĞITIM, VB
Yayın, Dağıtım, Vb Yeri İstanbul :
Yayıncı, Dağıtıcı, Vs Adı Otopsi Yayınları,
Yayın, Dağıtım, Vb Tarihi 2005.
300 ## - FİZİKSEL TANIM
Kapsam 160 s.:
Diğer Fiziksel Ayrıntıları fotg.;
Boyutlar 19 sm.
650 #0 - KONU KATMA GİRİŞ - TOPİKAL DÖNEM
9 (RLIN) 5227
Topikal Süreli Veya Coğrafi Ad Giriş Elemanı Emperyalizm
Genel Alt Bölümü Amerika Birleşik Devletleri
650 #0 - KONU KATMA GİRİŞ - TOPİKAL DÖNEM
9 (RLIN) 723
Topikal Süreli Veya Coğrafi Ad Giriş Elemanı Para politikası
740 ## - KATMA GİRİŞ - KONTROLSUZ İLGİLİ / ANALİTİK BAŞLIK
Kontrol Edilmeyen / İlgili Analitik Başlıktaki Euro-Dolar savaşı
942 ## - EKLENDİ GİRİŞ ELEMANLARI (KOHA)
Sınıflandırma Veya Raf Düzeni Kaynak Dewey Decimal Classification
Koha Öğesi Türü Books
Holdings
Kalıcı Konum Mevcut Konum Edinme Tarihi Toplam Check-Out'Lar Tam Çağrı Numarası Barkod Tarih Son Görülme Tarihi Geçen Teslim İtibaren Geçerli Fiyatlar Sigara Kamu Notu Koha Öğesi Türü
CHP Kütüphanesi CHP Kütüphanesi 11/12/2021 2 325.320973 Ö92a 2005 020123 08/25/2022 08/25/2022 11/12/2021 Emin Değer Bağışıdır. Books